|
|
|
|
| LEADER |
01445nam a22003254a 4500 |
| 001 |
42392 |
| 003 |
BD-DhAAL |
| 005 |
20240310141210.0 |
| 008 |
240310t2002 nyua b 001 0deng d |
| 010 |
|
|
|a 2001026950
|
| 020 |
|
|
|a 0471023345 (cloth : alk. paper)
|
| 040 |
|
|
|a DLC
|c DLC
|d DLC
|d BD-DhAAL
|
| 042 |
|
|
|a pcc
|
| 043 |
|
|
|a n-us---
|
| 050 |
0 |
0 |
|a T36
|b .V38 2002
|
| 082 |
0 |
0 |
|a 609.2273
|2 21
|
| 100 |
1 |
|
|a Vare, Ethlie Ann.
|9 56109
|
| 245 |
1 |
0 |
|a Patently female :
|b from AZT to TV dinners : stories of women inventors and their breakthrough ideas /
|c Ethlie Ann Vare, Greg Ptacek.
|
| 264 |
|
|
|a New York :
|b Wiley,
|c c2002.
|
| 300 |
|
|
|a xiv, 220 pages :
|b illustrations ;
|c 25 cm.
|
| 504 |
|
|
|a Includes bibliographical references and index.
|
| 541 |
|
|
|a Donation from the Asia Foundation
|e 42392, 42393
|
| 650 |
|
0 |
|a Women inventors.
|9 56110
|
| 650 |
|
0 |
|a Women inventors
|z United States
|v Biography.
|9 56111
|
| 700 |
1 |
|
|a Ptacek, Greg.
|9 56112
|
| 852 |
|
|
|a Ayesha Abed Library
|
| 942 |
|
|
|2 ddc
|c BK
|
| 999 |
|
|
|c 46447
|d 46447
|
| 952 |
|
|
|0 0
|1 0
|2 ddc
|4 0
|6 609_227300000000000_VAR
|7 0
|9 75234
|a SCL
|b SCL
|c GEN
|d 2024-03-10
|e Donation from the Asia Foundation
|g 2736.00
|l 0
|o 609.2273 VAR
|p 3020042392
|r 2024-03-10
|t 1
|w 2024-03-10
|y BK
|x USD 24.95
|
| 952 |
|
|
|0 0
|1 0
|2 ddc
|4 0
|6 609_227300000000000_VAR
|7 0
|9 75235
|a SCL
|b SCL
|c GEN
|d 2024-03-10
|e Donation from the Asia Foundation
|g 2736.00
|l 1
|m 1
|o 609.2273 VAR
|p 3020042393
|r 2026-03-05
|s 2025-11-28
|t 2
|w 2024-03-10
|y BK
|x USD 24.95
|